Países más cercanos a Djibouti - Estadísticas

Estadísticas generales
  • Esta prueba ha sido intentada 68 veces
  • La puntuación promedio es 18 de 20
Estadísticas de respuestas
km país % Correcto
0 Eritrea
100%
0 Somalia
100%
624 Sudán
100%
857 Sudán del Sur
100%
1365 Egipto
98%
0 Etiopía
98%
751 Kenia
98%
1585 Tanzania
98%
409 Arabia Saudita
96%
1155 Omán
96%
20 Yemen
96%
1458 Rep Dem Congo
94%
1143 Uganda
91%
1835 Ruanda
89%
1551 Catar
81%
1515 Emiratos Árabes Unidos
80%
1706 República Centroafricana
80%
1640 Baréin
78%
1822 Kuwait
78%
1843 Irak
63%
No se encontraron pruebas coincidentes
Distribución de puntuación
Porcentaje de gente con cada puntuación
Porcentaje por número respondido
Historial de tus puntuaciones
No has intentado esta prueba.